000 00843nam a22002537a 4500
999 _c5362
_d5362
003 AR-CdUCM
008 190312b ||||| |||| 00| 0 spa d
040 _aMUNICIPALIDAD PROVINCIAL DEL CUSCO
_cBIBLIOTECA MUNICIPAL DEL CUSCO
082 _a305.4 /
_bR24
100 _aRamos, Manuela
_916175
245 _aPlataforma de las Mujeres :
_bIV conferencia mundial sobre la mujer /
260 _aLima :
_bGrafica Bellido,
_c1996.
300 _a67 paginas ;
_c20cm.
500 _aMovimiento Manuela Ramos
505 _aContenido: pobreza -- educacion -- salud -- violencia -- conflictos armados -- economia...
650 _aMujeres
_93760
650 _aPobreza
_94721
650 _aEducación
_9460
650 _aSalud
_98684
650 _aPoder y desiciones
_916176
700 _aAcuña, Lucia
_916177
942 _2ddc
_cLIBROS
945 _apjha